00580nam a22001817a 450000500170000001000150001702000260003203500130005803700130007108200080008410000160009224500420010826000340015027000720018430000300025650000660028665000460035220141007104304.0 aENG-110991 a9789380607740c795.00 aEN-94523 bDBAD/PUB a250 aAnand Singh aBuddhism at Sarnath /cby Anand Singh aNew DelhibPrimus Booksc2014 aVirat Bhavan, Mukherjee Nagar Commercial ComplexbNew Delhie110009 ax,186p. :c25cm(Hb)bill. aIncludes bibliographical references (p. [163]-171) and index. a Buddhism zIndiazSārnāth xHistory.